Control of ships and underwater vehicles , design for underactuated and nonlinear marine system (Record no. 573030)

000 -LEADER
fixed length control field 00534nam a22001817a 4500
003 - CONTROL NUMBER IDENTIFIER
control field CEME
005 - DATE AND TIME OF LATEST TRANSACTION
control field 20210628203312.0
008 - FIXED-LENGTH DATA ELEMENTS--GENERAL INFORMATION
fixed length control field 210104b xxu||||| |||| 00| 0 eng d
020 ## - INTERNATIONAL STANDARD BOOK NUMBER
International Standard Book Number 9781848827293
040 ## - CATALOGING SOURCE
Transcribing agency ceme
082 ## - DEWEY DECIMAL CLASSIFICATION NUMBER
Classification number 623.8 DOK
100 ## - MAIN ENTRY--PERSONAL NAME
Personal name Do, Duc Khac , Pan, Jie
9 (RLIN) 64584
245 ## - TITLE STATEMENT
Title Control of ships and underwater vehicles , design for underactuated and nonlinear marine system
260 ## - PUBLICATION, DISTRIBUTION, ETC.
Place of publication, distribution, etc. NEW YORK
Name of publisher, distributor, etc. SPRINGER
Date of publication, distribution, etc. 2009
300 ## - PHYSICAL DESCRIPTION
Extent XVI, 400P
650 ## - SUBJECT ADDED ENTRY--TOPICAL TERM
Topical term or geographic name entry element 1- NONLINEAR CONTROL THEORY
9 (RLIN) 64585
942 ## - ADDED ENTRY ELEMENTS (KOHA)
Koha item type Book
Source of classification or shelving scheme
Holdings
Withdrawn status Lost status Damaged status Not for loan Permanent Location Current Location Shelving location Date acquired Total Checkouts Full call number Barcode Date last seen Price effective from Koha item type
        College of Electrical & Mechanical Engineering (CEME) College of Electrical & Mechanical Engineering (CEME) General Stacks 07/26/2017   623.8 DOK CEME-46028 06/28/2021 06/28/2021 Book
© 2023 Central Library, National University of Sciences and Technology. All Rights Reserved.